| 000 | 01757nam a2200529 i 4500 | ||
|---|---|---|---|
| 001 | 30828 | ||
| 003 | KOSZ 005 | ||
| 005 | 20200206142541.0 | ||
| 008 | 980708s1996 pl f |000 0 pol | ||
| 015 | _aPB 1996/13769 | ||
| 020 | _a3406406785 | ||
| 020 | _a8371107536 | ||
| 035 | _a991004535849705066 | ||
| 035 | _a(PL-WaBN)b11196117-48omnis_nlop | ||
| 035 | _ab11196117 | ||
| 035 | _a(OCoLC)830125576 | ||
| 035 | _a(PL)b0000001119611 | ||
| 035 | _a(EXLNZ-48OMNIS_NETWORK)9910445396405606 | ||
| 040 |
_aWA N _cWA N _dKOSZ 005/HR |
||
| 046 | _k1996 | ||
| 080 | _a347(438) | ||
| 080 | _a016 | ||
| 245 | 0 | 0 |
_aKodeks cywilny w orzecznictwie i piśmiennictwie : _bksięga druga - własność i inne prawa rzeczowe / _c[wybór i oprac.] Paweł Suski. |
| 260 |
_aWarszawa : _bC. H. Beck, _c1996. |
||
| 300 |
_aXIII, [1], 319 s. ; _c23 cm. |
||
| 336 |
_2rdacontent _aTekst _btxt |
||
| 337 |
_2rdamedia _aBez urządzenia pośredniczącego _bn |
||
| 338 |
_2rdacarrier _aWolumin _bnc |
||
| 380 | _aKsiążki | ||
| 380 | _aPublikacje fachowe | ||
| 388 | _a1901-2000 | ||
| 388 | _a1989-2000 | ||
| 490 | 1 | _aZbiory Orzecznictwa Becka | |
| 504 | _aBibliogr. przy rozdz. | ||
| 650 | 7 |
_aOrzecznictwo cywilne _2DBN |
|
| 650 | 7 |
_aPrawo rzeczowe _2DBN |
|
| 650 | 7 |
_aPrawo własności _2DBN |
|
| 651 | 7 |
_aPolska _2DBN |
|
| 655 | 7 |
_aBibliografia _2DBN |
|
| 658 | _aPrawo i wymiar sprawiedliwości | ||
| 700 | 1 |
_aSuski, Paweł _eOpracowanie |
|
| 710 | 2 |
_aWydawnictwo C.H. Beck _4pbl |
|
| 830 | 0 | _aZbiory Orzecznictwa Becka | |
| 856 |
_uhttp://koha.tu.koszalin.pl/cgi-bin/koha/opac-detail.pl?biblionumber=30828 _yKatalog online BPK |
||
| 942 |
_2UKD _cKS |
||
| 999 |
_c30828 _d30828 |
||